000 00305nam a22001337a 4500
008 170502b xxu||||| |||| 00| 0 eng d
020 _a9781583605516
041 _aeng
080 _a34
100 _a13
101 _aSHJ
245 _aJUVENILE JUSTICE AND DELINQUENCY
_cBENEKOS.P.J
942 _2udc
_cBK
999 _c12370
_d12370